000 00394nam a2200145Ia 4500
008 221030s9999 xx 000 0 und d
041 _aEnglish
082 _a105.23
100 _a-
245 0 _aRevised Scheme & Courses Of Study For B.Tech. In Mechanical Engineering
_cby -
260 _bNational Institute Of Technology
_aSrinagar
_c2003
300 _a112
650 _aMechanical
942 _cBK
999 _c761
_d761